| 000 | 00775nam a2200241 a 4500 | ||
|---|---|---|---|
| 001 | 71885 | ||
| 003 | BD-RjUL | ||
| 005 | 20211209082156.0 | ||
| 008 | 170509s1965 nyua b 001 0 eng d | ||
| 035 | _a(BD-RjUL)72101 | ||
| 040 |
_aDLC _cDLC _dBD-RjUL _beng |
||
| 041 | _aeng | ||
| 082 |
_a530 _223 _bAMM 1965 |
||
| 110 | 2 |
_aAmerican Foundation for Continuing Education. _9208244 |
|
| 245 | 1 | 4 |
_aThe mystery of matter / _cAmerican Foundation for Continuing Education, edited by Louise B. Young. |
| 260 |
_aNew York : _bOxford University Press, _c1965. |
||
| 300 |
_axiii, 712 p. : _bill. ; _c24 cm. |
||
| 504 | _aIncludes bibliographies and index | ||
| 650 | 0 |
_aMatter _9212627 |
|
| 650 | 0 |
_aLife (Biology) _9150699 |
|
| 700 | 1 |
_aYoung, Louise B. _9208243 |
|
| 942 |
_2ddc _cBK |
||
| 999 |
_c71885 _d71885 |
||